Radical stories: The Conservative Tradition in Canada

Guardado en:
书目详细资料
主要作者: Taylor, Charles
格式: 图书
语言:Undetermined
出版: Toronto, Canadá Anansi 1982
主题:
标签: 添加标签
没有标签, 成为第一个标记此记录!

MARC

LEADER 00000nam a2200000Ia 4500
008 170316s9999 xx 000 0 und d
040 |a cru BVZT 
090 |a 818 T-1r 
100 |a Taylor, Charles 
245 |a Radical stories: The Conservative Tradition in Canada 
260 |a Toronto, Canadá 
260 |b Anansi 
260 |c 1982 
300 |a 231 páginas 
650 |a LITERATURA CANADIENSE 
999 |c 6655  |d 6655 
942 |c 15 D  |h 818 T-1r  |2 z